Preventing difficulties in learning

Αποθηκεύτηκε σε:
Λεπτομέρειες βιβλιογραφικής εγγραφής
Άλλοι συγγραφείς: Booth, Tony (Επιμελητής έκδοσης), Potts, Patricia (Επιμελητής έκδοσης), Swann, Will (Επιμελητής έκδοσης)
Μορφή: Βιβλίο
Γλώσσα:English
Δημοσίευση: Oxford, England ; New York : B. Blackwell in association with the Open University Press, 1987
Σειρά:Curricula for all
Θέματα:
Ετικέτες: Προσθήκη ετικέτας
Δεν υπάρχουν, Καταχωρήστε ετικέτα πρώτοι!

MARC

LEADER 00000cam a2200000 i 4500
001 1/72696
008 980603s1987 eng d
020 |a 0-631-15167-2 
035 |l 10031314 
035 |a 1995  |b 3  |c Καϊλα 
040 |a GR-MY-UA  |b gre  |e aacr 
041 0 |a eng 
082 0 |a 371.90941  |2 (19) 
245 1 0 |a Preventing difficulties in learning /  |c edited by Tony Booth, Patricia Potts, and Will Swann 
260 |a Oxford, England ; New York :   |b B. Blackwell in association with the Open University Press,   |c 1987 
300 |a xi, 424 p.;  |b ill.;  |c 24 cm 
490 1 |a Curricula for all 
504 |a Includes bibliographies and index 
650 0 0 |a Learning disabled children  |x Education  |z Great Britain. 
650 0 0 |a Curriculum planning  |z Great Britain. 
650 0 0 |a Remedial teaching  |z Great Britain. 
650 0 0 |a Mainstreaming in education  |z Great Britain. 
700 1 |a Booth, Tony.  |4 edt 
700 1 |a Potts, Patricia.  |4 edt 
700 1 |a Swann, Will.  |4 edt 
830 0 |a Curricula for all 
852 |a INST  |b RHODES  |e 19980603  |h 371.90941 PRE  |p 005400007032  |q 005400007032  |t BK  |y 0 
909 |a Ρ  |b 043509  |c 1995